Online Catalogue and eLibrary

A reign of ten kings : (Record no. 3541)

MARC details
000 -LEADER
fixed length control field 00252nam a2200097Ia 4500
008 - FIXED-LENGTH DATA ELEMENTS--GENERAL INFORMATION
fixed length control field 240331s9999 xx 000 0 und d
082 ## - DDC Classification
Item Number - Author Mark DEL
100 ## - MAIN ENTRY--PERSONAL NAME
Personal name De Lanerolle, N
245 #2 - TITLE STATEMENT
Title A reign of ten kings :
Remainder of title Sri Lanka-the world 500 BC - 1200AD
942 ## - Koha item type (Biblio)
Koha item type Books in Stacks (Lending)
Holdings
Lost status Damaged status Collection code Home library Current library Shelving location Date acquired Full call number Accession Number Item type
    Lending WERC Library WERC Library Social Science Cupboard 03/31/2024 954.93 DEL 4109 Books in Stacks (Lending)

© WERC Library